| 000 | 00939 a2200277 4500 | ||
|---|---|---|---|
| 001 | 200130887 | ||
| 650 | 7 |
_aDoğal afetler _2etuturkob _99213 |
|
| 999 |
_c200130887 _d30251 |
||
| 003 | TR-AnTOB | ||
| 005 | 20241018094318.0 | ||
| 008 | 131127s2003 tu 000 0 | ||
| 020 | _a9755612440 | ||
| 040 | _aTR-AnTOB | ||
| 041 | _atur | ||
| 050 |
_aHV551.5.T9 _bU48 2003 |
||
| 090 | _aHV551.5 .T9 U48 2003 | ||
| 245 | 1 | 0 |
_aUlusal acil durum yönetimi modeli araştırması / _cİTÜ AYM Araştırma grubu Sinan Mert Şener ...[ve öte.]. |
| 264 | 1 |
_aİstanbul : _bİTÜ Afet Yönetimi Merekzi, _c2003 |
|
| 300 |
_a145 sayfa ; _c30 cm. |
||
| 650 | 0 |
_aNatural disasters _xHistory _zTurkey _913327 |
|
| 650 | 0 |
_aAcil yönetimi _zTürkiye _933669 |
|
| 650 | 0 |
_aEarthquakes _xEnvironmental aspects _zTurkey _988371 |
|
| 650 | 0 |
_aDepremler _xÇevresel Yönleri _zTürkiye _994260 |
|
| 650 | 7 |
_aAcil durum yönetimi _zTürkiye _2etuturkob _994262 |
|
| 942 | _cBK | ||